| 000 | 00556nam a2200205Ia 4500 | ||
|---|---|---|---|
| 005 | 20250326144147.0 | ||
| 008 | 250326s9999 xx 000 0 und d | ||
| 020 | _a978-0-19-926368-4 | ||
| 037 | _aTextbook | ||
| 040 |
_aFMSL _beng _cFMSL |
||
| 041 |
_aeng _2eng |
||
| 084 |
_aX:74 P7 _qFMSL |
||
| 100 |
_aJones G _9745775 |
||
| 245 | 0 |
_aOxford handbook of business history _cJones G; Zeitlin J |
|
| 260 |
_aNew Delhi _bNew Delhi, Oxford _c2007 |
||
| 300 | _a718p | ||
| 365 | _b3450 | ||
| 942 |
_cTB _hX:74 P7 |
||
| 999 |
_c1302613 _d1302613 |
||